000 00346nam a2200133Ia 4500
008 240624s9999 xx 000 0 und d
041 _aeng
082 _a338.761 BAN
100 _aBANK DAVID
245 _aBREAKING WINDOWS HOW BILL GATES FUMBLED
260 _c2001
_aNew York
_bThe Free Press
300 _ax, : 287 : p. : cm. ; 24
365 _c
_b35
999 _c7513
_d7513